[Event "Olympiad-45"]
[Site "Budapest"]
[Date "2024.09.18"]
[Round "7.3"]
[White "Khoa, Goodwill"]
[Black "Terubea, Ronald"]
[Result "1-0"]
[WhiteElo "1890"]
[BlackElo "1836"]
[PlyCount "89"]
[EventDate "2024.09.11"]
[EventType "team-swiss"]
[EventRounds "11"]
[EventCountry "HUN"]
[SourceTitle "EXT 2025"]
[Source "ChessBase"]
[SourceDate "2024.10.14"]
[SourceVersion "1"]
[SourceVersionDate "2024.10.14"]
[SourceQuality "1"]
[WhiteTeam "Namibia"]
[BlackTeam "Fiji"]
[WhiteTeamCountry "NAM"]
[BlackTeamCountry "FIJ"]

1. Nf3 Nc6 2. c4 e5 3. Nc3 Nf6 4. d3 d5 5. cxd5 Nxd5 6. g3 Be7 7. Bg2 Be6 8. Qa4 0-0 9. 0-0 Nb6 10. Qc2 f5 11. Bd2 Bf6 12. Qc1 h6 13. Rd1 Qe7 14. Bh3 g5 15. Bg2 g4 16. Nh4 Bxh4 17. gxh4 Qxh4 18. Bxh6 Rf7 19. Qg5+ Qxg5 20. Bxg5 Kh7 21. f4 Rg8 22. Rac1 Nd4 23. e3 Nf3+ 24. Bxf3 gxf3 25. Kf2 exf4 26. exf4 Nd5 27. Nb5 Nf6 28. h3 c6 29. Nc3 Nd5 30. a3 Rd7 31. Kxf3 Nc7 32. Rd2 Bb3 33. Re1 Rgg7 34. h4 a5 35. Re5 Rgf7 36. Rxa5 b5 37. Ra7 c5 38. Kf2 Rf8 39. Nxb5 Rff7 40. Nxc7 Rxc7 41. Rxc7 Rxc7 42. Re2 Kg6 43. Re7 Rc6 44. Kg3 c4 45. h5+ 1-0

[Event "Titled Tuesday intern op 17th Sep Early"]
[Site "Chess,com INT"]
[Date "2024.09.17"]
[Round "3"]
[White "Khoa, Goodwill"]
[Black "Ospina Castro, Santiago"]
[Result "1-0"]
[WhiteElo "1890"]
[BlackElo "2106"]
[PlyCount "91"]
[EventDate "2024.09.17"]
[EventType "swiss (blitz)"]
[EventRounds "11"]
[EventCountry "USA"]
[SourceTitle "EXT 2025"]
[Source "ChessBase"]
[SourceDate "2024.10.14"]
[SourceVersion "1"]
[SourceVersionDate "2024.10.14"]
[SourceQuality "1"]

1. f4 Nf6 2. Nf3 g6 3. b3 Bg7 4. Bb2 0-0 5. e3 c5 6. Be2 d5 7. 0-0 Nc6 8. d3 b6 9. Ne5 Bb7 10. Nxc6 Bxc6 11. Nd2 Qc7 12. Bf3 Nd7 13. Bxg7 Kxg7 14. Qe2 e5 15. f5 e4 16. dxe4 dxe4 17. Bxe4 Bxe4 18. Nxe4 Qe5 19. f6+ Kg8 20. Qf3 Rae8 21. Rad1 Nb8 22. Nd6 Qxe3+ 23. Kh1 Qxf3 24. Rxf3 Re6 25. Nc4 Nc6 26. c3 Rfe8 27. h3 b5 28. Na3 a6 29. Rd2 h5 30. Nc2 Ne5 31. Rff2 c4 32. Nd4 Rd6 33. b4 Nd3 34. Rf3 Re1+ 35. Kh2 Re5 36. Rg3 Kh7 37. Rf3 Kh6 38. Ne2 g5 39. g4 hxg4 40. hxg4 Kg6 41. Ng3 Rxf6 42. Rxf6+ Kxf6 43. Nf5 Re1 44. Kg2 Re4 45. Kg3 Rf4 46. Nd6 1-0

[Event "Titled Tuesday intern op 17th Sep Early"]
[Site "Chess,com INT"]
[Date "2024.09.17"]
[Round "4"]
[White "Turzo, Attila"]
[Black "Khoa, Goodwill"]
[Result "1-0"]
[WhiteElo "2278"]
[BlackElo "1890"]
[PlyCount "141"]
[EventDate "2024.09.17"]
[EventType "swiss (blitz)"]
[EventRounds "11"]
[EventCountry "USA"]
[SourceTitle "EXT 2025"]
[Source "ChessBase"]
[SourceDate "2024.10.14"]
[SourceVersion "1"]
[SourceVersionDate "2024.10.14"]
[SourceQuality "1"]

1. e4 e5 2. Nf3 Nc6 3. d4 exd4 4. Nxd4 d6 5. Bb5 Bd7 6. 0-0 Nxd4 7. Bxd7+ Qxd7 8. Qxd4 Nf6 9. Nc3 Be7 10. Bg5 0-0 11. Rad1 h6 12. Bc1 Rfe8 13. b3 Bf8 14. Bb2 c5 15. Qd3 Qc6 16. f3 Rad8 17. Nd5 Nxd5 18. Qxd5 Qxd5 19. Rxd5 Re6 20. Rfd1 Rde8 21. Bc1 b5 22. Bf4 Rc8 23. Bxd6 Bxd6 24. Rxd6 Rxd6 25. Rxd6 c4 26. Rd2 cxb3 27. cxb3 b4 28. Kf2 a5 29. Ke3 Rc3+ 30. Kd4 Kf8 31. f4 Ke7 32. Ke5 g6 33. h4 a4 34. bxa4 Rc4 35. a5 f6+ 36. Kd5 Rc7 37. Rd4 Ra7 38. Kc4 Rxa5 39. Rd2 Ra4 40. Kb5 Ra3 41. Kxb4 Re3 42. Kb5 Rxe4 43. g3 g5 44. fxg5 hxg5 45. hxg5 fxg5 46. a4 Re3 47. Rg2 Ra3 48. a5 Kd6 49. g4 Kc7 50. Rc2+ Kb7 51. Rc4 Ra1 52. Ra4 Rc1 53. a6+ Ka7 54. Rc4 Rb1+ 55. Kc6 Rb6+ 56. Kc7 Rxa6 57. Rc5 Ka8 58. Kd7 Ra7+ 59. Ke6 Ra4 60. Kf5 Rf4+ 61. Kxg5 Rf1 62. Kg6 Kb7 63. g5 Kb6 64. Rc2 Rf3 65. Kg7 Kb7 66. g6 Rf5 67. Kg8 Rf1 68. g7 Kb8 69. Rg2 Kc7 70. Kh7 Rg1 71. Rxg1 1-0

[Event "Olympiad-45"]
[Site "Budapest"]
[Date "2024.09.13"]
[Round "3.65"]
[White "Dhiaulhaq, Zacky"]
[Black "Khoa, Goodwill"]
[Result "1-0"]
[WhiteElo "2203"]
[BlackElo "1890"]
[PlyCount "63"]
[EventDate "2024.09.11"]
[EventType "team-swiss"]
[EventRounds "11"]
[EventCountry "HUN"]
[SourceTitle "EXT 2025"]
[Source "ChessBase"]
[SourceDate "2024.10.14"]
[SourceVersion "1"]
[SourceVersionDate "2024.10.14"]
[SourceQuality "1"]
[WhiteTeam "Indonesia"]
[BlackTeam "Namibia"]
[WhiteTeamCountry "INA"]
[BlackTeamCountry "NAM"]

1. d4 Nf6 2. c4 g6 3. Nc3 Bg7 4. e4 d6 5. Nf3 0-0 6. Be2 Bg4 7. Be3 Nbd7 8. 0-0 c5 9. d5 Qb6 10. Qc2 Rab8 11. h3 Bxf3 12. Bxf3 h5 13. Be2 Rfe8 14. g4 hxg4 15. hxg4 Ne5 16. g5 Nh7 17. f4 Nd7 18. Bg4 Ndf8 19. f5 Bd4 20. Qd2 Qb4 21. Be2 Bxe3+ 22. Qxe3 Qxb2 23. Rab1 Qa3 24. Rb3 Qa5 25. Qf4 Qd8 26. fxg6 fxg6 27. e5 dxe5 28. Qf7+ Kh8 29. Ne4 b6 30. Rh3 Qd7 31. Kg2 e6 32. Rxh7+ 1-0

[Event "Online Olym Div3 E"]
[Site "Chess.com INT"]
[Date "2021.08.28"]
[Round "5.3"]
[White "Khoa, Goodwill"]
[Black "Smith, Shreyas"]
[Result "0-1"]
[WhiteElo "1846"]
[BlackElo "2126"]
[PlyCount "92"]
[EventDate "2021.08.27"]
[EventType "team-tourn (rapid)"]
[EventRounds "9"]
[EventCountry "USA"]
[SourceTitle "CBM 204 Extra"]
[Source "ChessBase"]
[SourceDate "2021.11.30"]
[SourceVersion "1"]
[SourceVersionDate "2021.11.30"]
[SourceQuality "1"]
[WhiteTeam "Namibia"]
[BlackTeam "Jamaica"]
[WhiteTeamCountry "NAM"]
[BlackTeamCountry "JAM"]

1. Nf3 Nf6 2. c4 e6 3. Nc3 d5 4. cxd5 exd5 5. d4 a6 6. g3 Bd6 7. Bg2 0-0 8. 0-0 c6 9. Bg5 Bf5 10. Ne5 h6 11. Bxf6 Qxf6 12. f4 Qe6 13. e4 dxe4 14. Nxe4 Rd8 15. Nxd6 Qxd6 16. Qb3 Qc7 17. Rfd1 Be6 18. Qc3 Bd5 19. Rac1 Bxg2 20. Kxg2 Rd5 21. Qb3 Rb5 22. Qc3 Qd8 23. a4 Rd5 24. Qb4 Ra7 25. Nf3 Nd7 26. Re1 Nf6 27. Re2 Qa5 28. Qe7 Rd7 29. Qc5 Qxc5 30. dxc5 Ra8 31. Rce1 Kf8 32. Re5 Rad8 33. R1e2 Nd5 34. h3 a5 35. R5e4 Nb4 36. Ne5 Rd5 37. Rc4 Re8 38. Kf3 Kg8 39. Re3 f6 40. Ng4 Rxe3+ 41. Nxe3 Rd2 42. Nf5 Rxb2 43. Nd6 Nd5 44. Re4 Rb4 45. Re8+ Kh7 46. f5 g6 0-1

[Event "Africa-ch"]
[Site "Windhoek"]
[Date "2014.12.16"]
[Round "4"]
[White "Khoa, Goodwill"]
[Black "Anquandah, Francis Eric"]
[Result "1/2-1/2"]
[WhiteElo "1990"]
[BlackElo "1952"]
[PlyCount "142"]
[EventDate "2014.12.13"]
[EventType "swiss"]
[EventRounds "9"]
[EventCountry "NAM"]
[SourceTitle "CBM 164 Extra"]
[Source "ChessBase"]
[SourceDate "2015.03.02"]
[SourceVersion "1"]
[SourceVersionDate "2015.03.02"]
[SourceQuality "1"]

1. Nf3 Nf6 2. d4 e6 3. c4 b6 4. Nc3 Bb7 5. a3 Ne4 6. Bf4 Bd6 7. Bxd6 cxd6 8. Rc1 0-0 9. e3 f5 10. Bd3 Nxc3 11. Rxc3 Nc6 12. e4 e5 13. d5 Nd4 14. exf5 Nxf5 15. 0-0 g6 16. Qa4 a6 17. Qb4 a5 18. Qa4 Qc7 19. Rfc1 Kg7 20. Qc2 Qc5 21. Qa4 Rf7 22. b4 axb4 23. Qxb4 Qxb4 24. axb4 Re7 25. Bxf5 gxf5 26. b5 Ree8 27. Kf1 Ra2 28. g3 Kf6 29. R1c2 Ra1+ 30. Ke2 Rea8 31. Rc1 R1a2+ 32. Nd2 Rb2 33. Rb1 Rba2 34. f3 Rc8 35. Rbc1 Rc5 36. Rd3 Rb2 37. Kd1 Ra2 38. h4 h5 39. g4 Rc8 40. g5+ Kg6 41. Rb1 Rca8 42. Rdb3 Rc8 43. Rc1 Rca8 44. Rc2 Ra1+ 45. Nb1 R8a4 46. f4 Bxd5 47. cxd5 Rxf4 48. Rc7 Rxh4 49. Rxd7 Ra2 50. Rxd6+ Kxg5 51. Re3 Rh1+ 52. Re1 Rxe1+ 53. Kxe1 Ra1 54. Rxb6 Rxb1+ 55. Ke2 Rb2+ 56. Kd3 Rb4 57. Kc3 Rd4 58. Rd6 Rd1 59. Kc2 Ra1 60. Ra6 Rg1 61. b6 Rg2+ 62. Kc3 Rg3+ 63. Kc4 Rg1 64. Ra3 Rc1+ 65. Rc3 Rb1 66. Kc5 Kf6 67. Kc6 e4 68. Kc7 Ke5 69. Kc6 Rxb6+ 70. Kxb6 Kxd5 71. Rc5+ Ke6 1/2-1/2

[Event "Windhoek zt 4.3"]
[Site "Windhoek"]
[Date "2014.06.25"]
[Round "5"]
[White "Khoa, Goodwill"]
[Black "Cambando, Jose"]
[Result "0-1"]
[WhiteElo "2089"]
[BlackElo "2077"]
[PlyCount "91"]
[EventDate "2014.06.23"]
[EventType "swiss"]
[EventRounds "9"]
[EventCountry "NAM"]
[SourceTitle "EXT 2015"]
[Source "ChessBase"]
[SourceDate "2014.11.20"]
[SourceVersion "1"]
[SourceVersionDate "2014.11.20"]
[SourceQuality "1"]

1. Nf3 Nf6 2. c4 c5 3. Nc3 Nc6 4. g3 e6 5. Bg2 Be7 6. 0-0 0-0 7. d4 cxd4 8. Nxd4 a6 9. Rb1 d5 10. Bg5 h6 11. Nxc6 bxc6 12. Bxf6 Bxf6 13. Qd3 Rb8 14. Rfd1 Qa5 15. a3 Kh8 16. Qc2 Bd7 17. e4 d4 18. Ne2 c5 19. Rd3 e5 20. b3 Rb7 21. f4 Rfb8 22. Ra1 Qc7 23. Rf1 Bg4 24. Bf3 Bh3 25. Bg2 Bxg2 26. Kxg2 Qc6 27. Rdf3 d3 28. Qxd3 Rxb3 29. Qd5 Qxd5 30. cxd5 c4 31. Rd1 Kg8 32. d6 Kf8 33. Rxb3 cxb3 34. f5 b2 35. Nc3 Rb3 36. Nb1 Bd8 37. Kf2 Bb6+ 38. Ke2 Re3+ 39. Kd2 Rxe4 40. Kc2 Bd4 41. Kd3 Re3+ 42. Kc4 Ke8 43. Kb4 Kd7 44. a4 Kxd6 45. Ka5 Rb3 46. Kxa6 0-1

[Event "Windhoek zt 4.3"]
[Site "Windhoek"]
[Date "2014.06.24"]
[Round "3"]
[White "Khoa, Goodwill"]
[Black "Oberholzer, Rex"]
[Result "0-1"]
[WhiteElo "2089"]
[BlackElo "2177"]
[PlyCount "82"]
[EventDate "2014.06.23"]
[EventType "swiss"]
[EventRounds "9"]
[EventCountry "NAM"]
[SourceTitle "EXT 2015"]
[Source "ChessBase"]
[SourceDate "2014.11.20"]
[SourceVersion "1"]
[SourceVersionDate "2014.11.20"]
[SourceQuality "1"]

1. Nf3 c5 2. c4 b6 3. g3 Bb7 4. Bg2 d6 5. Nc3 Nf6 6. 0-0 Nbd7 7. d3 e6 8. Bg5 Be7 9. d4 cxd4 10. Nxd4 Bxg2 11. Kxg2 Qc7 12. b3 a6 13. Rc1 h6 14. Bxf6 Nxf6 15. Qd3 0-0 16. Qf3 Rac8 17. e3 Rfd8 18. Rfd1 Bf8 19. Nde2 Qc6 20. Qxc6 Rxc6 21. Nd4 Rc7 22. e4 g6 23. Kf3 Nd7 24. Ke2 Bg7 25. Nf3 Nc5 26. e5 Rcd7 27. b4 Nb7 28. Na4 dxe5 29. Nxb6 Rxd1 30. Rxd1 Rxd1 31. Kxd1 e4 32. Nd2 f5 33. c5 Nd8 34. a4 Nc6 35. Ndc4 Nxb4 36. Na5 Bd4 37. Nd7 Kf7 38. c6 Ke7 39. Nf8 Bb6 40. Nxg6+ Kd6 41. Nc4+ Kxc6 0-1